000 01139nam a2200349 a 4500
999 _c306
_d306
001 015739483
003 UkOxU
005 20190806081728.0
008 030428s2004 enkac b 001 0 eng d
020 _a1841155802
020 _a9781841155807
040 _aUkOxU
_cKH8
042 _aukscp
082 _a512.73 DUS
100 1 _aDu Sautoy, Marcus.
_eauthor
245 1 4 _aThe music of the primes :
_bwhy an unsolved problem in mathematics matters /
_cMarcus du Sautoy.
260 _aLondon :
_bHarper Perennial,
_c2004.
300 _a335, 13 p. :
_bill., ports. ;
_c25 cm.
500 _aPrevious ed.: London : Fourth Estate, 2003.
500 _aIncludes extra section at end of book entitled: P.S.
504 _aIncludes bibliographical references and index.
650 0 _aNumbers, Prime.
650 0 _aNumber theory.
942 _2ddc
_cNFIC
948 _escp